Statistiken für Städte mit "L"

Klicken Sie hier um das Quiz zu spielen!

Allgemein

  • Dieses Quiz wurde 27 mal gespielt
  • Das Durchschnittsergebnis liegt bei 20 aus 65

Antwortstatistiken

LandStadt% Korrekt
Luxemburg 🇱🇺Luxemburg
92%
Deutschland 🇩🇪Leipzig
79%
Peru 🇵🇪Lima
79%
Österreich 🇦🇹Linz
79%
Großbritannien 🇬🇧Liverpool
75%
Frankreich 🇫🇷Lyon
75%
Portugal 🇵🇹Lissabon
71%
Großbritannien 🇬🇧London
63%
Angola 🇦🇴Luanda
63%
Deutschland 🇩🇪Leverkusen
58%
Belgien 🇧🇪Lüttich
58%
Schweiz 🇨🇭Luzern
58%
Slowenien 🇸🇮Ljubljana
54%
Deutschland 🇩🇪Ludwigshafen (am Rhein)
54%
Bolivien 🇧🇴La Paz
50%
Großbritannien 🇬🇧Leeds
50%
Deutschland 🇩🇪Lübeck
50%
Nigeria 🇳🇬Lagos
46%
Frankreich 🇫🇷Lille
42%
Polen 🇵🇱Lodz
42%
USA 🇺🇸Los Angeles
42%
Deutschland 🇩🇪Ludwigsburg
42%
Sambia 🇿🇲Lusaka
42%
USA 🇺🇸Las Vegas
38%
Togo 🇹🇬Lome
38%
USA 🇺🇸Long Beach
38%
Deutschland 🇩🇪Landshut
33%
Großbritannien 🇬🇧Leicester
33%
Gabun 🇬🇦Libreville
33%
Italien 🇮🇹Lecce
29%
Malawi 🇲🇼Lilongwe
29%
Deutschland 🇩🇪Lüneburg
29%
Finnland 🇫🇮Lahti
25%
Ukraine 🇺🇦Lemberg
25%
Deutschland 🇩🇪Lindau (Bodensee)
25%
Deutschland 🇩🇪Lippstadt
25%
Italien 🇮🇹Livorno
25%
Schweiz 🇨🇭Lausanne
21%
Deutschland 🇩🇪Lich
21%
Schweiz 🇨🇭Lugano
21%
Pakistan 🇵🇰Lahore
17%
Irland 🇮🇪Limerick
17%
USA 🇺🇸Louisville
17%
Deutschland 🇩🇪Lüdenscheid
17%
Deutschland 🇩🇪Leuna
13%
Frankreich 🇫🇷Le Mans
8%
USA 🇺🇸Lincoln
8%
USA 🇺🇸Little Rock
8%
Italien 🇮🇹Lucca
8%
Indien 🇮🇳Lucknow
8%
Großbritannien 🇬🇧Luton
8%
Frankreich 🇫🇷La Rochelle
4%
Niederlande 🇳🇱Leeuwarden
4%
Österreich 🇦🇹Leibnitz
4%
Österreich 🇦🇹Leoben
4%
Tschechien 🇨🇿Liberec
4%
Spanien 🇪🇸Lleida
4%
Deutschland 🇩🇪Löbau
4%
Österreich 🇦🇹Lustenau
4%
China 🇨🇳Lanzhou
0%
Deutschland 🇩🇪Lauenburg
0%
China 🇨🇳Linyi
0%
China 🇨🇳Liuzhou
0%
Deutschland 🇩🇪Lommatsch
0%
Indien 🇮🇳Ludhiana
0%

Verteilung der Resultate

Perzentil nach korrekt beantworteten Fragen

Anzahl Personen mit jedem Resultat

Ihre Resultats-Entwicklung

Sie haben dieses Quiz noch nicht gespielt